सामाजिक मनोविज्ञान / (Record no. 52096)

MARC details
000 -LEADER
fixed length control field 00627nam a2200193Ia 4500
005 - DATE AND TIME OF LATEST TRANSACTION
control field 20260429112042.0
008 - FIXED-LENGTH DATA ELEMENTS--GENERAL INFORMATION
fixed length control field 260429s9999||||xx |||||||||||||| ||und||
020 ## - INTERNATIONAL STANDARD BOOK NUMBER
International Standard Book Number 9788119680832
041 ## - LANGUAGE CODE
Language Hindi
082 ## - DEWEY DECIMAL CLASSIFICATION NUMBER
Classification number 150
Item number MAK
100 ## - MAIN ENTRY--PERSONAL NAME
Personal name मकवाना, सुरेश
245 #0 - TITLE STATEMENT
Title सामाजिक मनोविज्ञान /
Statement of responsibility, etc सुरेश मकवाना
250 ## - EDITION STATEMENT
Edition statement 1st ed.
260 ## - PUBLICATION, DISTRIBUTION, ETC. (IMPRINT)
Place of publication, distribution, etc दिल्ली :
Name of publisher, distributor, etc एकैडमिक पब्लिकेशन,
Date of publication, distribution, etc 2025.
300 ## - PHYSICAL DESCRIPTION
Extent 292 p.; Hb
650 ## - SUBJECT ADDED ENTRY--TOPICAL TERM
Topical term or geographic name as entry element Social Psychology
700 ## - ADDED ENTRY--PERSONAL NAME
Personal name रोहित, विकास
942 ## - ADDED ENTRY ELEMENTS (KOHA)
Koha item type Text Books
Holdings
Withdrawn status Lost status Damaged status Not for loan Collection code Home library Location Shelving location Date of Cataloging Source of acquisition Total Checkouts Full call number Barcode Date last seen Price effective from Koha item type
        Non-fiction CUTN Central Library CUTN Central Library Philosophy & psychology 29/04/2026 Kiran Book Service, New Delhi - Invoice No. IN-00113 on 09-02-2026   150 MAK 57171 29/04/2026 29/04/2026 Text Books